01298nab a22002417a 4500003000400000005001700004008004100021040000700062100002200069245010700091260007300198300001500271500003800286505025500324505013700579505008200716650001800798650001800816650002400834650002600858650002300884773014900907OSt20251218082310.0190429b xxu||||| |||| 00| 0 spa d cPJ aLlera, Carlos E. 10a"Casación horizontal" y las sentencias de los Superiores Tribunales de Provincia /cCarlos E. Llera. cCiudad Autónoma de Buenos Aires :aThomson Reuters La Ley, b2025. ap. 122-123 aCita: TR LALEY AR/DOC/409/2025  aSumario: I. Planteo del tema.— II. Revisión amplia de la primera sentencia condenatoria.— III. Consolidación de la casación horizontal.— IV. Aplicación de la doctrina a las sentencias dictadas por los Superiores Tribunales de Provincia. aFallo comentado: CS ~ 28/05/2024 ~ Maidana, Karina de Lourdes y otros s/ sup/ robo calificado —capital— expte N.º 8768 C.C.1. tSi te interesa el texto completo, solicitalo a koha@justierradelfuego.gov.ar  0aDERECHO PENAL 0aPROCESO PENAL 0aCAMARAS DE CASACION 0aSENTENCIA ABSOLUTORIA 0aDERECHO AL RECURSO0 02658tRevista de derecho penal y criminología. Nº 3 - Abril 2025dCiudad Autónoma de Buenos Aires : Thomson Reuters La Ley, 2017-x00347914